| 000 | 00376nam a2200121 4500 | ||
|---|---|---|---|
| 999 |
_c9830 _d9830 |
||
| 008 | 180718b ||||| |||| 00| 0 eng d | ||
| 100 |
_929081 _aLaude, Jaime |
||
| 245 |
_aSC justice sees Phl victory vs China on maritime claim/ _cJaime Laude |
||
| 260 |
_aPhilippines _bThe Philippine Star _cc2016 |
||
| 300 | _apage 11. | ||
| 650 | 0 |
_929082 _aTerritorial waters. |
|
| 942 |
_2ddc _cPER |
||